=LDR 00000nam 2200000 4500 =001 INLIS000000000025865 =005 20130612124337 =008 ***********************************Ind** =035 ##$$0010-061300000025865 =041 ##$$a Ind =082 ##$$a 959.8 =090 ##$$a 959.8, Ric s =100 ##$$a Ricklefs, HC =245 ##$$a Sejarah Indonesia modern, HC. Ricklefs; penerjemah Dharmono Hardjowijono =260 ##$$a 1989 $b Jogjakarta =300 ##$$a xiv, 501 hlm, 22 cm =650 ##$$a Sejarah =850 ##$$a NBPNMAT =990 ##$$a 0001/BPAP-NTB/20142015 =990 ##$$a 0243/BPAP-NTB/2015 =990 ##$$a 0001/BPAP-NTB/2015 =990 ##$$a 0001/BPAP-NTB/2015 =990 ##$$a 0001/BPAP-NTB/2016